| 000 | 00463nam a22001571 4500 | ||
|---|---|---|---|
| 005 | 20260228152831.0 | ||
| 010 | _aBACHHEN26 | ||
| 020 |
_a9789394888333 _c895.00 |
||
| 037 | _bSonam Enterprises | ||
| 100 |
_aRahul Singh _987839 |
||
| 245 |
_aFamous Moral Story for Children/ _cRahul Singh |
||
| 260 |
_aDelhi _bSonam Enterprises _c2025 |
||
| 270 |
_aB-15-15, Gali No. 10, Jagatpuri Extn. _bDelhi _e110 093 |
||
| 300 |
_a181p. _c22cm. (Hbk) |
||
| 942 |
_cCH _mRAH _2ddc |
||
| 999 |
_c215235 _d215235 |
||